[Event "COL-ch U20"]
[Site "Barranquilla"]
[Date "2022.07.10"]
[Round "8"]
[White "Sanchez Cabarcas, Samuel Alejandro"]
[Black "Varela Sanchez, David Yoel"]
[Result "1/2-1/2"]
[WhiteElo "1652"]
[BlackElo "1342"]
[PlyCount "83"]
[EventDate "2022.07.06"]
[EventType "swiss"]
[EventRounds "9"]
[EventCountry "COL"]
[SourceTitle "EXT 2023"]
[Source "ChessBase"]
[SourceDate "2022.10.05"]
[SourceVersion "1"]
[SourceVersionDate "2022.10.05"]
[SourceQuality "1"]

1. e4 e5 2. Nf3 Nc6 3. Bb5 a6 4. Ba4 Nge7 5. d3 d6 6. c3 g6 7. Nbd2 Bg7 8. Nf1 0-0 9. Ng3 d5 10. Qe2 Bg4 11. 0-0 d4 12. h3 Be6 13. Rd1 b5 14. Bc2 Qd6 15. a3 Rfd8 16. Bd2 Nc8 17. Rac1 Nb6 18. cxd4 Nxd4 19. Nxd4 Qxd4 20. Bc3 Qd6 21. Ba5 c5 22. Qe3 Rdc8 23. b4 Nd7 24. Ne2 cxb4 25. Bxb4 Qb6 26. Qxb6 Nxb6 27. Bb1 Rxc1 28. Rxc1 Rc8 29. Rxc8+ Nxc8 30. f4 exf4 31. Nxf4 Bd4+ 32. Kf1 Bb3 33. Nd5 Bxd5 34. exd5 Bb6 35. d6 a5 36. d7 Na7 37. Bc5 Bd8 38. Bxa7 f6 39. Ba2+ Kg7 40. Bc5 h6 41. Bd5 h5 42. Bc6 1/2-1/2

[Event "Barranquilla Region-ch"]
[Site "Barranquilla"]
[Date "2020.01.05"]
[Round "3"]
[White "Gallardo, Osvaldo"]
[Black "Sanchez Cabarcas, Samuel Alejandro"]
[Result "0-1"]
[WhiteElo "1720"]
[BlackElo "1573"]
[PlyCount "46"]
[EventDate "2020.01.04"]
[EventType "swiss"]
[EventRounds "6"]
[EventCountry "COL"]
[SourceTitle "CBM 194 Extra"]
[Source "ChessBase"]
[SourceDate "2020.03.31"]
[SourceVersion "1"]
[SourceVersionDate "2020.03.31"]
[SourceQuality "1"]

1. d4 Nf6 2. Nf3 g6 3. Bg5 Bg7 4. c3 d6 5. Nbd2 h6 6. Bh4 0-0 7. e4 g5 8. Bg3 Nh5 9. Nxg5 Nxg3 10. hxg3 hxg5 11. Qh5 Re8 12. Nf3 f6 13. Qg6 e6 14. Rh7 Re7 15. Bd3 Qf8 16. Qh5 Qf7 17. Qh2 e5 18. 0-0-0 Qg6 19. Rh5 Bg4 20. Bc4+ Be6 21. Bxe6+ Rxe6 22. d5 Re8 23. Nd2 Nd7 0-1